|
|
|
|
| LEADER |
00000cam a2200000 7i4500 |
| 001 |
0000002601 |
| 005 |
20151222.0 |
| 008 |
070712 |
| 020 |
|
|
|a 9830560066
|
| 090 |
0 |
0 |
|a JF
|b AD MAL (3522)
|
| 245 |
1 |
0 |
|a Penumpang tertipu
|
| 260 |
|
|
|a Selangor :
|b Alpha Sigma ,
|c 2005
|
| 440 |
|
0 |
|a Siri mencegah jenayah
|
| 500 |
|
|
|a Children ages 7-9 years old (orange)
|
| 650 |
|
0 |
|a Adventure
|
| 650 |
|
0 |
|a Malay fiction
|
| 710 |
0 |
|
|a Title
|
| 999 |
|
|
|a 0000969906
|b Book
|c Children Collection
|e Perbadanan Perpustakaan Awam Johor
|
| 999 |
|
|
|a 0000969907
|b Book
|c Children Collection
|e Cawangan Pontian
|
| 999 |
|
|
|a 0000969908
|b Book
|c Children Collection
|e Perbadanan Perpustakaan Awam Johor
|
| 999 |
|
|
|a 0000969910
|b Book
|c Children Collection
|e Cawangan Sri Merlong
|
| 999 |
|
|
|a 0001149900
|b Book
|c Children Collection
|e Cawangan Segamat
|